000 01037nam a22002297a 4500
005 20120309123426.0
010 _aB-456390
020 _a9780521700542
_c395.00
020 _a052170054X
_c395.00
035 _aB-456390
037 _bAllied
082 _a488.24076
100 _aBlack, Michael
_944488
245 _aObjective IELTS :
_cby Michael Black and Annette Capel
_badvanced self-study student's book /
260 _aNew Delhi
_bCambridge University Press
_c2006
270 _aCambridge House,4381/4,Ansari Road,Daryaganj,
_bNew Delhi
_e110002
300 _a208p
_c28cm(pbk)
_bill
_e+CD-ROM
700 _aCapel,Annette
_943703
942 _2ddc
_cEN
_mBLA
_h488.24076
999 _c63972
_d63972